| 000 | 00346nam a22001337a 4500 | ||
|---|---|---|---|
| 003 | 0 | ||
| 005 | 20230614140152.0 | ||
| 008 | 230614b xxu||||| |||| 00| 0 eng d | ||
| 050 |
_aPZ4 _b.Sh5439St 1976 |
||
| 245 |
_aA stranger in the mirror _cSheldon, Sidney |
||
| 260 |
_aNew York _bWarner books _cc1976 |
||
| 300 |
_a319pp. _c20cm |
||
| 942 |
_2lcc _cBK |
||
| 999 |
_c364971 _d364971 |
||